El Movimiento obrero dominicano

Gespeichert in:
Bibliographische Detailangaben
1. Verfasser: Santos, Francisco Antonio
Format: Text
Veröffentlicht: s.l.: s.e.
Tags: Tag hinzufügen
Keine Tags, Fügen Sie den ersten Tag hinzu!

MARC

LEADER 00000 a a2200000 04500
001 25247
003
040 |a CRAI/IIS  |c CRAI/IIS 
090 |a 180600  
100 |a Santos, Francisco Antonio  
245 |a El Movimiento obrero dominicano  
260 |a s.l.:   |b s.e.  
300 |a 11 p.  
999 |c 13130  |d 13130